000 00249nam a2200109Ia 4500
005 20251222175940.0
008 251222s9999||||xx |||||||||||||| ||spa||
082 _a658.8/R27
100 _aRataud, Pierre
245 0 _aTénicas de Ventas
942 _cLIB
999 _c41340
_d41340